[Event "Linares "]
[Site "?"]
[Date "1993.??.??"]
[Round "?"]
[White "Anand, V."]
[Black "Barejev, E."]
[Result "1-0"]
[WhiteElo "2710"]
[BlackElo "2670"]
[PlyCount "61"]
[EventDate "1993.??.??"]

1. e4 e6 2. d4 d5 3. Nc3 Nf6 4. e5 Nfd7 5. f4 c5 6. Nf3 a6 7. Be3 b5 8. Qd2 Be7
9. Bd3 g6 $6 10. O-O Bb7 11. Nd1 $1 cxd4 12. Nxd4 Nc5 13. b4 $1 Na4 (13... Nxd3
14. cxd3 Nc6 15. a3 a5 16. Rb1 $14) (13... Ne4 14. Qe1 $14) 14. c3 Nb6 $1 15.
Bf2 $6 (15. Nb2 Nc4 16. Nxc4 dxc4 17. Bc2) 15... Qc7 16. Nb2 Nc4 17. Qe2 $6 (
17. Nxc4 dxc4 18. Be2 Nc6 19. a4 Nxd4 20. Bxd4) 17... Nc6 $2 (17... Na3 $1 18.
Rac1 Nd7 19. Nb3 Nb6 20. Na5 Nbc4 $14) 18. a4 $16 Nxd4 19. Bxd4 Bc6 $2 (19...
O-O 20. Nd1 bxa4 21. Nf2 $1 f6 22. exf6 Bxf6 23. Bxf6 Rxf6 24. Ng4 Rxf4 25.
Qxe6+ Kh8 26. Rxf4 Qxf4 27. Rf1 Qd6 28. Qf7 $18) 20. axb5 axb5 21. Rxa8+ $1
Bxa8 22. Nxc4 $1 bxc4 (22... dxc4 23. Be4 O-O 24. Ra1 $18) 23. Bc2 Bc6 24. Qe3
O-O 25. f5 $1 exf5 26. Bxf5 Qd8 27. Bg4 $1 Bg5 28. Qe2 h5 (28... Bd7 29. e6 $18
) (28... Re8 29. e6 f6 30. g3 $16) 29. Bxh5 $1 $18 gxh5 30. Qxh5 Be8 (30... f6
31. Qg6+) (30... Qe7 31. h4 $1 Bxh4 32. Rf4) 31. Rf6 $1 (31. Rf6 Bc1 32. e6
fxe6 33. Rg6+) 1-0

[Event "Biel (izt) "]
[Site "?"]
[Date "1993.??.??"]
[Round "?"]
[White "Anand, V."]
[Black "Ftacsnyik, L."]
[Result "1-0"]
[WhiteElo "2725"]
[BlackElo "2535"]
[PlyCount "73"]
[EventDate "1993.??.??"]

1. e4 c5 2. Nf3 d6 3. d4 cxd4 4. Nxd4 Nf6 5. Nc3 a6 6. Be3 e6 7. f3 b5 8. g4 h6
9. Qd2 Bb7 10. h4 b4 11. Nce2 d5 (11... e5 12. Qxb4 $1 Qd7 (12... Qc7 13. Qa4+
Nbd7 14. Nf5 $16) 13. Nb3 d5 14. Nc5 $16) 12. e5 Nfd7 13. f4 $1 $14 Nc5 14. Bg2
$1 Nbd7 (14... Ne4 15. Bxe4 dxe4 16. f5 $1) 15. O-O-O Be7 (15... a5 16. Kb1) (
15... Qb6 16. g5 h5 17. g6 $1 fxg6 18. Bh3) (15... Nb6 16. b3 a5 17. f5 a4 18.
fxe6 axb3 19. cxb3 fxe6 20. Nf4 Qc7 21. Kb1 $16) (15... Ne4 16. Bxe4 dxe4 17.
f5 Nxe5 18. fxe6 Nc4 (18... Nf3 19. exf7+ Kxf7 20. Nxf3 exf3 21. Qxd8 Rxd8 22.
Rxd8 fxe2 23. Rd7+ $18) 19. Qe1 (19. exf7+ Kxf7 20. Qe1 Nxe3 21. Qf2+ Kg8 22.
Qxe3 $18) 19... Nxe3 20. Qf2 fxe6 21. Qxe3 $18) 16. g5 $1 h5 (16... g6 $2 17.
h5 $1 $16) (16... hxg5 17. hxg5 Rg8 18. g6 $1) 17. f5 $1 {Anand nagy erõvel
vezeti a támadást.} Nxe5 (17... exf5 18. Nxf5 Nxe5 19. Nxg7+ $18) 18. Nf4 $1 {
Látványosak a változatok} (18. fxe6 $1 Nc4 (18... fxe6 19. Nf4 $18) 19. exf7+
Kxf7 (19... Kf8 20. Qe1 Qa5 (20... Nxe3 21. Nf4 $18) 21. Kb1 Nxe3 22. Nf4 Nxd1
(22... Nxg2 23. Ng6+ Kxf7 24. Qxe7+ Kxg6 25. Rhf1 $1 Nxh4 (25... Rhe8 26. Qf7+
Kh7 27. Qxh5+ Kg8 28. g6) (25... Rhf8 26. Rxf8 Rxf8 27. Qxf8) 26. Qf7+ Kh7 (
26... Kxg5 27. Rg1+) 27. Qxh5+ Kg8 28. Qf7+ Kh7 29. Rh1 $18) 23. Ng6+ Kxf7 24.
Qxe7+ Kxg6 (24... Kg8 25. Nf5 Rh7 26. Rf1) 25. Qd6+ Kh7 (25... Kf7 26. g6+ Ke8
(26... Kg8 27. Bxd5+ Bxd5 28. Qxd5+ Kf8 29. Qf7#) 27. Nf5 $18) 26. g6+ Kg8 (
26... Kh6 27. Nf5#) 27. Bxd5+ $18) (19... Kd7 20. Bh3+ Kc7 21. Bf4+ $18) 20.
Qe1 Re8 $1 21. Nf5 Rc8 22. Bd4 Bxg5+ 23. hxg5 Qxg5+ 24. Kb1 Qxg2 25. Rg1 $18)
18... Nc4 19. Qe2 Qa5 (19... e5 20. Nc6 Bxc6 21. Nxd5 Qa5 22. Nxe7 Bb5 (22...
Bxg2 23. Qxc4 $1 Nb3+ 24. cxb3 $18) (22... Qxa2 23. Bxc6+ Kf8 24. Ng6+ Kg8 25.
Qxc4 Qxc4 26. Bxa8 $1 $18) 23. Bc6+ Bxc6 24. Qxc4 Bxh1 25. Bxc5 Bf3 26. g6 Rf8
27. gxf7+ Rxf7 28. Nc6 $18) 20. Kb1 Nxb2 (20... e5 21. Nxd5 Nxe3 22. Qxe3 Bxd5
23. Bxd5 exd4 24. Rxd4 $1 $18 (24. Qxd4 O-O-O (24... O-O 25. f6 Bd6 26. g6 $1
$18) 25. Qxg7 $16)) (20... Na4 21. fxe6 Ncxb2 22. exf7+ Kxf7 23. Bd2 Nxd1 24.
Rxd1 Nc3+ 25. Bxc3 bxc3 26. Qe6+ Kf8 27. Bxd5 $1 $18) 21. fxe6 $3 O-O-O (21...
fxe6 22. Ndxe6 $1 Nxd1 23. Nxg7+ Kf7 24. Rxd1 $18) (21... Nxd1 22. exf7+ Kxf7 (
22... Kd7 23. Rxd1 $18) 23. Rxd1 $18 Ne4 $140 (23... Na4 24. Bd2 Nc3+ 25. Bxc3
bxc3 26. Qe6+ Ke8 27. Nxd5 Bxd5 28. Bxd5 Qb4+ 29. Bb3 $18) (23... Raf8 24.
Bxd5+) 24. Bxe4 dxe4 25. Qc4+ Ke8 26. Nde6 Rc8 27. Nxg7+ Kf8 28. Ng6+ Kxg7 29.
Bd4+ $18) (21... O-O 22. Qxh5 Nxd1 23. Rxd1 Na4 24. Bd2 Nc3+ 25. Bxc3 bxc3 26.
exf7+ Rxf7 27. g6 Qb4+ 28. Nb3 $18) 22. Kxb2 $1 Na4+ 23. Kc1 b3 (23... Nc3 24.
Qd3) 24. Nxb3 $1 (24. cxb3 Ba3+ 25. Kc2 Qc7+ 26. Kb1 Nc3+) 24... Ba3+ 25. Kb1
Nc3+ (25... Qc3 26. Bd4) 26. Ka1 Qa4 27. Qd3 Bb4 28. Nc1 Kb8 (28... Nxd1 29.
Rxd1 fxe6 30. Nxe6 Rd7 31. Bd4 $18) (28... Bc6 29. exf7 Bb5 30. Bh3+ Kb8 31.
Qd4 $18) (28... Ba5 29. Bd4 Qb4 30. Bxc3 $18) 29. Bd4 $1 (29. exf7 $18) 29...
Rc8 30. Be5+ $1 (30. exf7) 30... Ka7 (30... Ka8 31. Nxd5 $18) 31. Qe3+ Rc5 32.
Rd3 Qxc2 33. Bxc3 $1 Bxc3+ 34. Rxc3 Qxc3+ 35. Qxc3 Rxc3 36. exf7 Rf8 37. g6 {
Anand az egész játszmára csak 35 perc gondolkodási idõt használt fel.} 1-0

[Event "Hilversum "]
[Site "?"]
[Date "1993.??.??"]
[Round "?"]
[White "Adams, M."]
[Black "Anand, V."]
[Result "0-1"]
[WhiteElo "2630"]
[BlackElo "2725"]
[PlyCount "80"]
[EventDate "1993.??.??"]

1. e4 c5 2. Nc3 e6 3. Nf3 a6 4. d4 cxd4 5. Nxd4 d6 6. f4 b5 7. Bd3 Bb7 8. O-O
Nf6 9. a3 Nbd7 10. Kh1 Be7 11. b4 $6 O-O 12. Bb2 Rc8 $1 13. Qe2 Nb6 $1 14. e5
$2 (14. a4 $5 Nc4 15. Bc1 Qb6 16. Nf3 Rfd8 $13) 14... dxe5 15. fxe5 Nfd5 $1 (
15... Qxd4 $4 16. exf6 Bxf6 17. Na4 $1 (17. Nd1 $2 Qh4 $1 18. Bxf6 gxf6 $17)
17... Qd8 18. Bxf6 gxf6 19. Nxb6 Qxb6 20. Qh5 f5 21. Qg5+ Kh8 22. Qf6+ Kg8 23.
Rxf5 $18) 16. Nxd5 $2 (16. Nxe6 fxe6 17. Qh5 Rf5 $1 18. Rxf5 g6 $1 19. Rg5 Bxg5
20. Bxg6 Rc7 $1 $19) (16. Ne4 $5 Nc4 $1 17. Qh5 (17. Bxc4 Rxc4) 17... h6 $1 (
17... g6 18. Qh6 Nxb2 19. Rf3 Nf4) 18. Bc1 Nde3 $1 $17) 16... Bxd5 $15 17. Rae1
Bc4 18. Nf3 $6 (18. Bxh7+ $2 Kxh7 19. Qh5+ Kg8 20. Re3 $1 (20. Rf3 g6 21. Rg3
Kg7 22. Rf1 Qe8 $19) 20... Bxf1 $1 (20... Bg5 $2 21. Rh3 Bh6 22. Rf6 $1 $40)
21. Rh3 Bxg2+ $1 22. Kxg2 Qd5+ 23. Kg1 f5 $1 24. Qh7+ Kf7 25. Rg3 (25. Qh5+ g6
26. Qh7+ Ke8 27. Qxg6+ Kd7 $19) 25... Ke8 (25... Rg8 $4 26. Qg6+ $18) 26. Rxg7
Rc7 $19) 18... Bxd3 19. cxd3 Nd5 $2 (19... Qd5 $1 $17) (19... Na4 $1 $17) 20.
Qd2 $1 $15 Ra8 (20... Nb6 $5) 21. Nd4 Bg5 22. Qf2 Bh4 23. g3 Bg5 24. h4 Bh6 25.
Kh2 Rc8 26. Bc1 $4 (26. Nb3 $1) 26... Rxc1 $1 27. Rxc1 Ne3 28. Kh3 $2 (28. Nc6
$1 Ng4+ (28... Qxd3 29. Qf3 $1 (29. Qxf7+ Rxf7 30. Ne7+ Kf8 $1 $19) (29. Ne7+
Kh8 30. Qxf7 Nxf1+ $19) 29... Qd2+ (29... Nxf1+ 30. Rxf1 Qxf3 31. Rxf3 $15) 30.
Kh3 Nxf1 31. Rxf1) 29. Kg2 (29. Kg1 Qxd3 $19) 29... Qxd3 (29... Nxf2 $2 30.
Nxd8 Nxd3 31. Rc8 $1) 30. Qf3 $17) 28... Nxf1 $1 (28... Qxd4 $4 29. Qxf7+ Rxf7
30. Rc8+ Rf8 31. Rfxf8#) 29. Rxf1 Qd5 $1 $19 30. g4 g6 31. Re1 Rc8 32. Nf3 Rc3
33. g5 Bf8 34. Re3 Rxa3 35. d4 Rxe3 36. Qxe3 Bxb4 37. Kg3 a5 38. Kf4 a4 39. Qc1
Qc4 40. Qb1 a3 (40... a3 41. Qe4 a2 42. Qa8+ Bf8) 0-1

[Event "Linares "]
[Site "?"]
[Date "1994.??.??"]
[Round "?"]
[White "Anand, V."]
[Black "Kamsky, G."]
[Result "1-0"]
[WhiteElo "2715"]
[BlackElo "2695"]
[PlyCount "77"]
[EventDate "1994.??.??"]

1. e4 c5 2. Nf3 d6 3. d4 cxd4 4. Nxd4 Nf6 5. Nc3 a6 6. Be3 e5 7. Nb3 Be6 8. f3
Be7 9. Qd2 Nbd7 10. g4 h6 (10... b5 11. a4 $1 b4 12. Nd5 Bxd5 13. exd5 Nb6 14.
a5 Nbxd5 15. g5 Nxe3 16. gxf6 Nxf1 17. fxe7 Qxe7 18. Rxf1 $18) 11. h4 b5 12.
Rg1 {Világos elhalasztja a sáncolást, és minél gyorsabban a királyszárnyi
akciót erõlteti.} b4 (12... Nb6 $5 13. g5 hxg5 14. hxg5 Nfd7) 13. Na4 d5 (13...
a5 $5 14. g5 hxg5 15. hxg5 Nh5 $13) 14. g5 d4 (14... hxg5 15. hxg5 d4 16. Bxd4
Bxb3 (16... Nxe4 17. fxe4 Bxb3 18. axb3 exd4 19. O-O-O Ne5 $13) 17. gxf6 Bxf6
18. axb3 exd4 19. O-O-O Ne5 20. f4 Nf3 21. Qg2 Nxg1 22. Qxg1 $1 {világosnak
kitûnõ támadó esélyekkel az áldozott minõségért.}) 15. Bxd4 $1 Bxb3 (15... Nxe4
$5 16. fxe4 Bxb3 17. axb3 exd4 18. Qxd4 hxg5 19. O-O-O $1 Rxh4 20. Qxg7 (20.
Bc4 $5) 20... Bf6 21. Qg8+ Ke7 22. Rxd7+ Kxd7 23. Qxf7+ {világos támadásával.})
16. gxf6 $1 (16. axb3 Nxe4 17. fxe4) 16... Bxf6 17. axb3 exd4 18. O-O-O Ne5 (
18... Bxh4 $2 19. Qxd4 $18) (18... Qa5 19. f4) 19. f4 $3 {A legerõteljesebb
támadásvezetés, a minõségáldozatot már korábbi változatoknál már láttuk.} (19.
Qg2 $5 Ng6 20. h5 Nf4 21. Qg4 Be5 22. Nc5 $14) 19... Nf3 20. Qg2 Nxg1 21. e5
O-O (21... Bxh4 22. Qxg7 Rf8 23. Qxg1 $16 {és Bg2 és Rxd4 után világos
elõnyéhez nem fér kétség.}) 22. Bd3 $1 (22. exf6 Qxf6 23. Qxg1 Qxf4+ 24. Kb1
Qxh4 $1 {folytatás sötétnek jóval kedvezõbb, hiszen királya biztonságban
érezheti magát.}) 22... Bxe5 $1 (22... Bxh4 $2 23. Rxg1 g5 (23... g6 $2 24.
Bxg6 Kh8 25. Bh7 $1 $18 Bg5 26. fxg5 Kxh7 27. Qe4+ Kh8 28. Qh4 Kg8 29. Qxh6 $18
) 24. Qg4 Kh8 25. Qf5 $18) 23. fxe5 Qxh4 24. Rxg1 Qf4+ (24... Qg5+ 25. Qxg5
hxg5 26. Rxg5 $16) 25. Kb1 $1 (25. Qd2 $16) 25... Qxe5 {Sötétnek bástyája és
három gyalogja van világos két könnyûtisztje ellen, anyagi elõnye van, ha
világos támadása nem üt át. Az állás értékelésénél nagyon fontos, hogy világos
kezdeményezése megakadályozza, hogy a bástyák koordinálják tevékenységüket.}
26. Nc5 Ra7 $6 (26... Rfd8 27. Nd7 Qg5 28. Qh1 $1) (26... Rad8 $5 27. Nxa6 Ra8
(27... Rfe8 28. Nxb4 g5 29. Rf1 (29. Nc6 $4 Qe1+ 30. Rxe1 Rxe1+ 31. Ka2 Ra8+
$19)) 28. Nxb4 {és Nc6 és indul a b gyalog.}) 27. Qc6 $1 Qe3 (27... Re8 28. Nd7
Qe3 29. Nf6+ $18) (27... Kh8 28. Nd7 Qe3 29. Nxf8 Qxg1+ 30. Ka2 g6 31. Qc5 Ra8
32. Qe5+ Kg8 33. Nxg6 fxg6 34. Qd5+ $18) 28. Rg2 Kh8 29. Re2 Qg1+ 30. Ka2 Raa8
31. Nd7 Rac8 (31... Rfd8 32. Ne5 $18) (31... Rfc8 32. Qf3 $18) 32. Qf3 f5 33.
Nxf8 Rc5 (33... Rxf8 34. Qb7 $18) 34. Ng6+ $1 {Látványos befejezés.} (34. Qxf5
$2 Rxf5 35. Bxf5 Qf1 $1 (35... g5 $2 36. Re7 $18) (35... Kg8 36. Bg6 $1 $18)
36. Ng6+ Kh7 37. Nh4+ Kg8 38. Re8+ Kf7 39. Bg6+ $18) 34... Qxg6 (34... Kh7 35.
Re5 $18) 35. Re1 Qf6 36. Qa8+ Kh7 37. Bc4 Rc6 38. Qg8+ Kg6 39. Rg1+ (39. Rg1+
Kh5 40. Be2+ (40. Qe8+ g6 41. Qe2+ Kh4 42. Qh2#) 40... Kh4 41. Qd5) 1-0

[Event "Las Palmas (m/9) "]
[Site "?"]
[Date "1995.??.??"]
[Round "?"]
[White "Anand, V."]
[Black "Kamsky, G."]
[Result "1-0"]
[WhiteElo "2715"]
[BlackElo "2710"]
[PlyCount "99"]
[EventDate "1995.??.??"]

1. e4 e5 2. Nf3 Nc6 3. Bb5 a6 4. Ba4 Nf6 5. O-O Be7 6. Re1 b5 7. Bb3 d6 8. c3
O-O 9. h3 Re8 10. d4 Bb7 11. Nbd2 Bf8 12. a4 h6 13. Bc2 exd4 14. cxd4 Nb4 15.
Bb1 Qd7 16. b3 $1 g6 17. Bb2 Bg7 18. Qc1 $1 Rac8 19. Bc3 c5 20. d5 Qe7 21. Nf1
Nh7 $2 (21... Nd7 $5 22. axb5 $1 axb5 23. Ra7 Bxc3 24. Qxc3 Rb8 $1 (24... Nb6
25. Qc1 Kh7 26. e5 Ra8 27. exd6 Qxe1 28. Qf4 $1 Bxd5 29. Rxf7+ Kg8 30. Bxg6 $18
) 25. Qd2 Kg7 $14) 22. Bxg7 Kxg7 23. Ne3 $1 h5 (23... Qf6 24. Ng4 $1 Qxa1 25.
Qxh6+ Kg8 26. e5 $1 Rxe5 (26... Qc3 27. Bxg6 fxg6 28. Nf6+ $1 Nxf6 29. Qxg6+
Kh8 30. Qxf6+ Kg8 31. Re4 $1 $18) 27. Ngxe5 $1 (27. Rxe5 $2 dxe5 $1 28. Ng5
Qxb1+ 29. Kh2 Qf5) 27... dxe5 28. Bxg6 Qxe1+ 29. Nxe1 fxg6 30. Qxg6+ $16) (
23... Ng5 24. Nxg5 hxg5 (24... Qxg5 25. axb5 axb5 26. f4 $1 $16) 25. axb5 axb5
26. Ra5 $1 Qc7 27. Ra7 $16 Ra8 (27... Qb6 28. Nf5+ gxf5 29. Qxg5+ Kf8 30. Qh6+
Ke7 31. e5 $1 $18) 28. Nf5+ gxf5 (28... Kf6 29. Rxb7 Qxb7 30. Nxd6 $1 $18) 29.
Qxg5+ Kf8 30. Qh6+ Ke7 31. e5 $1 $18) 24. Qd2 $5 Kg8 (24... Qf6 25. Ra3 $16) (
24... bxa4 25. Rxa4 $3 $16) (24... Nf6 25. axb5 axb5 26. Nf5+ $1 gxf5 27. Qg5+
Kh8 28. e5 Nh7 (28... dxe5 29. Rxe5 Qd6 30. Qh6+ Kg8 31. Rxf5 Ne4 32. Rg5+ Nxg5
33. Qxd6 $18) 29. Qxh5 f6 30. Bxf5 Bxd5 31. Nh4 Qf7 32. Ng6+ Kg7 33. e6 Bxe6
34. Bxe6 Rxe6 35. Rxe6 Qxe6 36. Ra7+ $18) 25. axb5 axb5 26. Nd1 $1 $16 Na6 (
26... Ra8 27. Rxa8 Rxa8 28. Nc3 Qd7 29. e5 dxe5 30. Nxe5 Qd6 31. Qf4 Qf6 32.
Qxf6 Nxf6 33. d6 $18) 27. Nc3 b4 28. Nb5 (28. Na4 $1) 28... Nc7 29. Bd3 Nxb5
30. Bxb5 Red8 31. Bc4 $1 Nf6 32. Qh6 $1 Qf8 (32... Ra8 33. Rxa8 Rxa8 34. e5 Nh7
(34... dxe5 35. d6 Qf8 36. Qxg6+) (34... Nxd5 35. Ng5 $18) 35. e6 $18) 33. Qg5
Qg7 (33... Nh7 34. Qf4 $1) (33... Qe7 34. Ra7 $16) 34. Ra7 $1 Rc7 (34... Rd7
35. e5 Ne8 (35... Nxd5 36. e6 fxe6 37. Rxe6 $18) (35... dxe5 36. Nxe5 Rdc7 37.
d6 $18) 36. e6 Rdc7 37. exf7+ Qxf7 38. Re6 $1) 35. Ba6 $1 Rb8 (35... Rdd7 36.
Bxb7 Rxb7 37. Ra8+ $1 Kh7 38. Qf4 Ng8 39. e5 dxe5 40. Rxe5 $1 $18) 36. e5 $18
Ne8 (36... dxe5 37. d6 Rd7 38. Nxe5 $1) 37. Rxb7 Rcxb7 38. Bxb7 Rxb7 39. Qd8
Qf8 40. Ra1 $1 Nc7 41. Qd7 Qb8 (41... Qe8 $2 42. Qc6 $1 Qxc6 43. dxc6 Rb6 44.
exd6) 42. Qxd6 c4 {Az egyetlen esély.} 43. bxc4 b3 44. Rb1 (44. Ng5 b2 45. Rb1
Ra7 46. Kh2 $1 Ra1 47. Rxb2 Qxb2 48. Qd8+ Kg7 (48... Ne8 49. Qxe8+ Kg7 50.
Qxf7+ Kh6 51. Qf8+ $1 Kxg5 52. h4+ Kg4 53. Qf3+ Kxh4 54. Qf4#) 49. Qf6+ Kh6 50.
Nxf7+ Kh7 51. Qh8#) 44... b2 45. Qc5 $1 Rb3 (45... Ra7 46. Qd4 Ra2 47. Ng5 $18)
46. Qd4 Qb4 47. Ng5 $1 (47. e6 $2 Rc3 48. exf7+ Kxf7 49. Ng5+ Ke7 50. d6+ (50.
Re1+ $2 Kd7 51. Qg7+ Kc8 52. d6 $1 Rxc4 $1 53. Re8+ $1 Kb7 $3)) 47... Rc3 48.
Qf4 $1 f6 (48... Rc1+ 49. Rxc1 (49. Kh2) 49... bxc1=Q+ 50. Qxc1) 49. exf6 Nxd5
50. f7+ 1-0

[Event "New York (m/9) "]
[Site "?"]
[Date "1995.??.??"]
[Round "?"]
[White "Anand, V."]
[Black "Kaszparov, G."]
[Result "1-0"]
[WhiteElo "2725"]
[BlackElo "2795"]
[PlyCount "69"]
[EventDate "1995.??.??"]

1. e4 {A világbajnoik döntõn nyolc döntetlen után ez volt az elsõ eldõlt
játszma. Anand az 1991/92-es Reggio Emiliai verseny óta nem nyert Kaszparov
ellen partit a klaszikus idõkontroll szerint.} c5 2. Nf3 d6 3. d4 cxd4 4. Nxd4
Nf6 5. Nc3 a6 6. Be2 e6 7. O-O Be7 8. a4 Nc6 9. Be3 O-O 10. f4 Qc7 11. Kh1 Re8
12. Bf3 Bd7 13. Nb3 Na5 14. Nxa5 Qxa5 15. Qd3 Rad8 16. Rfd1 $1 {A játszma
közben született ötlet a már korábban is játszott 16.g4, illetve 16. Vd2
helyett.} Bc6 (16... e5 17. f5) 17. b4 Qc7 18. b5 Bd7 (18... axb5 $2 19. axb5
Bd7 20. Na4 $16) 19. Rab1 $1 axb5 (19... Rc8 20. e5 dxe5 21. fxe5 Qxe5 (21...
Nd5 22. Bxd5 exd5 23. Nxd5 Qxe5 24. Bf4 $16) 22. Bd4 Qc7 23. Bxf6 Bxf6 24. Qxd7
$16) 20. Nxb5 $1 Bxb5 {Nem szerencsés döntés.} (20... Qa5 $1 21. Nxd6 Bxa4 22.
Bb6 (22. e5 Bxd6 23. exd6 Nd5 24. Bxd5 Rxd6 25. Qa3 Rxd5 26. Rxd5 exd5) 22...
Rxd6 23. Bxa5 $1 Rxd3 24. cxd3 Bxd1 $14 {Világos kis elõnyét a futópár és a b
gyenge gyalog jelenti.}) 21. Qxb5 (21. Rxb5 $5 Nd7 (21... Rc8 22. Rdb1 Qxc2 23.
Qxc2 Rxc2 24. Rxb7 $16 d5 $140 $2 25. e5 $18) 22. Rdb1 Nc5 23. Qc4) 21... Ra8
22. c4 e5 23. Bb6 $1 Qc8 (23... Qc6 24. Qxc6 bxc6 25. c5 $1 dxc5 $2 26. fxe5
$18) 24. fxe5 dxe5 25. a5 Bf8 26. h3 Qe6 27. Rd5 $1 Nxd5 $4 {Megmagyarázhatatla
egmagyarázhatatlan hiba. Sötétnek várakoznia kellett volna, illetve a
királyszárnyon egy hasznos lépést tenni.} (27... h5 $5) 28. exd5 $18 Qg6 29. c5
e4 30. Be2 Re5 (30... Be7 31. d6 (31. Qb3 e3) 31... Bf6 32. d7 Rf8 33. Bc7 $1)
31. Qd7 $1 Rg5 (31... Qg3 32. Qxb7 Rg5 33. Rg1 $18) 32. Rg1 $1 e3 33. d6 Rg3
34. Qxb7 Qe6 35. Kh2 $1 (35. Kh2 Re8 36. Rf1 (36. d7)) (35. Rf1 Rb8 $1 36. Qxb8
$140 Rxh3+ 37. Kg1 Qe5) (35. Rd1 $1 Rb8 36. Qd5) 1-0

[Event "Wijk aan Zee "]
[Site "?"]
[Date "1996.??.??"]
[Round "?"]
[White "Anand, V."]
[Black "Gelfand, B."]
[Result "1-0"]
[WhiteElo "2725"]
[BlackElo "2700"]
[PlyCount "49"]
[EventDate "1996.??.??"]

1. e4 c5 2. Nc3 d6 3. f4 g6 4. Nf3 Bg7 5. Bc4 Nc6 6. d3 e6 7. O-O Nge7 8. Qe1
h6 9. Bb3 a6 10. e5 $5 (10. a4 Rb8 11. Qg3 Nd4 $6 (11... b5 $5) 12. Nxd4 cxd4
13. Ne2 b5 14. axb5 axb5 15. Qf2 $1 Qb6 16. f5 exf5 17. exf5 gxf5 {
Anand-Gelfand, Reggio Emilia 199192} 18. Nf4 $40) 10... Nf5 {A legjobb, egyéb
folytatások esetén világos támadáshoz jut.} (10... dxe5 11. fxe5 g5 (11... Nxe5
12. Nxe5 Qd4+ 13. Kh1 (13. Be3 Qxe5 14. Qf2 $2 Qxe3 $1 15. Qxe3 Bd4) 13... Qxe5
14. Ne4 O-O 15. Bxh6 f5 16. Bf4 Qxb2 17. Rb1 Qd4 18. Ng5 $18) 12. Ne4 g4 13.
Nd6+ Kf8 14. Ng5 $1 $18) (10... d5 11. Qf2 b6 12. Bd2 Na5 (12... O-O $6 13. Ne2
Bb7 14. a4) 13. Ne2 Nxb3 14. axb3 $16) 11. Kh1 $1 Nfd4 (11... Ncd4 12. Bd2) (
11... O-O 12. Ne4 dxe5 13. fxe5 Nxe5 14. Nxe5 Bxe5 15. g4) (11... d5 12. Ne2
$14) 12. Ne4 {Anand hosszas gondolkodás után döntött.} (12. Nxd4 cxd4 13. Ne4
dxe5 14. Qg3 $5 (14. fxe5 Bxe5 (14... Nxe5 15. Qg3 $1 g5 16. Bf4 $1 $18)) 14...
Qe7 $1 (14... O-O 15. f5 $1 exf5 16. Bxh6 $1 Ne7 $1 17. Bg5 $1 fxe4 18. Qh4 $16
) 15. fxe5 Bxe5 16. Bf4 Bxf4 17. Rxf4 f5 $1 (17... O-O 18. Rf6 $1 $40) 18.
Qxg6+ Kd8 19. Ng3 Qg5 $1 {és a sötét táborban minden rendben. A változatok jól
mutatják, hogy sötét többször is nehéz feladat elõtt állt volna, hogy az
egyetlen jó lépéseket megtalálja.}) 12... Nxf3 13. Rxf3 dxe5 14. fxe5 Nxe5 (
14... Bxe5 15. Qf2 $1 $16) 15. Rf1 g5 $1 {Gelfand rögtön meghúzta.} (15... O-O
16. Bxh6 $1 Bxh6 (16... Nxd3 17. Qe3 $1 $40) 17. Nf6+ Kg7 18. Qxe5 Qd4 19. Qg3
$1 $16) (15... Qe7 16. Qg3 g5 17. Bf4 $1 $16) 16. Qg3 O-O (16... f5 17. Nxc5
Qe7 18. d4 Nc6 19. c3 $16) (16... b6 17. Bf4 $1 Qc7 18. Rae1) (16... Rg8 17.
Nxc5 $16) 17. Bxg5 $5 {"Nem sokat gondolkodtam a tisztáldozaton" - írja Anand
a könyvében. Az intuicíós megérzés a legjobbakat jellemzi.} (17. Nxc5 b6 18.
Ne4 Bb7 $11) 17... hxg5 18. Nxg5 Ng6 {Gelfand megtalálta a legjobb védõlépést.}
(18... Qd4 19. Qh3 $1 Re8 20. Rae1 Re7 21. Re4 Qxb2 (21... Qd6 22. Re3 {és
fenyeget Rg3.}) 22. d4 $1 c4 23. Ba4 Qxa2 24. dxe5 Qxa4 25. Qh7+ Kf8 26. Ref4
$18) (18... b5 19. Rae1 Ng6 20. Nxf7 $1) 19. Rae1 $1 {A tisztáldozatnál Anand
eddig jutott el, s a teljes pont megszerzésében bízott.} (19. Qg4 $2 Qd4 20.
Qh5 Qh4 $19) 19... Qe7 {A játszma kritikus pillanata.} (19... c4 $2 20. Bxc4 b5
21. Bb3 Bb7 $2 22. Rxe6 $1 $18) (19... Bh6 $2 20. Nxf7 Rxf7 21. Qxg6+ $18) (
19... Bxb2 20. Nxf7 $1 Rxf7 21. Qxg6+ Rg7 22. Bxe6+ Bxe6 23. Qxe6+ Kh8 24. Re3
Rh7 (24... Qg8 25. Rh3+ Rh7 26. Rxh7+ Qxh7 27. Rf3 $18) 25. Rf7 Rh5 $1 (25...
Bg7 26. Rxg7 $1 Rxg7 27. Rh3+ Rh7 28. Qe5+ Kg8 29. Rg3+ Kf8 30. Qf4+ Rf7 31.
Qh6+ Ke8 (31... Ke7 32. Re3+ Kd7 33. Qe6+ $18) 32. Rg8+ Ke7 33. Qe3+ Kd7 34.
Rxd8+ $18) (25... Rh4 26. Rh3 Qg5 27. Rxh4+ Qxh4 28. Rf3 $18) 26. Rxb7 Bg7 $13
{Világosnak a tisztért három gyalogja van, de a sötét király körül elegendõ
védõtiszt.}) (19... Bf6 $5 20. Rxe6 $5 (20. Nxe6 fxe6 21. Qxg6+ Bg7 22. Bxe6+
Bxe6 23. Qxe6+ Kh8 $11 {és világosnak nincs jobb terve, mint örökös sakkot
tartani.}) 20... Bxe6 (20... Bxg5 $2 21. Rxg6+ $18) 21. Nxe6 Qe7 $1 (21... fxe6
22. Qxg6+) (21... Qb8 $6 22. Nxf8 Qxg3 23. hxg3 $16) 22. Nc7 Kg7 23. Nd5 Qe2 $1
(23... Qe5 24. Nxf6 Qxg3 25. Nh5+) (23... Bh4 24. Nxe7 Bxg3 25. Nf5+ Kh7 26.
Nxg3 $16) 24. Re1 Bh4 25. Rxe2 Bxg3 26. hxg3 $11) 20. Rf5 $3 {Világos megvédte
a g5 huszárt és Qh3-mal fenyeget.} Bf6 {Sötét számára} (20... Bh6 {jelentette
volna a legjobb alternatívát. Tanulságosak a változatok, és a nagyátlón
"dolgozó" világos futó sokszor játszik fõszerepet.} 21. h4 $1 Bxg5 (21... Kg7
22. h5 Bxg5 23. Rxg5 Rh8 24. Rxg6+ Kf8 25. Rg5 $16) (21... Kh8 22. h5 exf5 23.
Rxe7 Nxe7 24. Nxf7+ Rxf7 25. Bxf7 Bg7 26. Qg5 $18) (21... c4 $5 22. Bxc4 b5 23.
Bb3 Qb4 (23... Kh8 24. h5 exf5 25. Rxe7 Nxe7 26. Nxf7+ Rxf7 27. Bxf7 $18) (
23... Bb7 24. h5 Qb4 (24... exf5 25. Rxe7 Nxe7 26. Nxf7+ Kh7 27. Nxh6 $18) 25.
hxg6 (25. Nxf7 $1 Bg7 26. Re4 Qe7 27. Nd6 Rxf5 28. Nxf5 $18) 25... exf5 26.
Bxf7+ Rxf7 27. gxf7+ Kf8 28. Re6 $18) 24. Nxf7 $1 Bg7 25. Re4 Qe7 26. Nd6 Rxf5
27. Nxf5 $18) 22. Rxg5 Kg7 23. h5 $16) (20... exf5 $2 21. Rxe7 Nxe7 22. Qh4 Rd8
23. Qh5 $18) 21. Nxe6 (21. h4 $5 Kg7 22. h5) 21... fxe6 $4 {Gelfand sorozatban
megtalálta a legjobb védelmet, de most váratlanul küzdelem nélkül megadja
magát.} (21... Re8 $1 22. Re4 $1 Bxe6 23. Bxe6 fxe6 24. Qxg6+ Bg7 25. Rh5 Qf6
26. Qxf6 Bxf6 27. Rxc5 {után kialakult végjátékban világos a minimális anyag
mellett remizhet, de objektíven sötét áll jobban.}) 22. Rxe6 $1 {Halálos
csapás!} (22. Qxg6+ $2 Qg7 23. Rxe6 Qxg6 24. Rexf6+ Kh7 $19) (22. Bxe6+ $2 Bxe6
23. Rxe6 Qg7 $1 $17) 22... Kg7 (22... Bxe6 23. Qxg6+ Qg7 24. Bxe6+ Kh8 (24...
Rf7 25. Bxf7+ Kf8 26. Qxf6 $18) 25. Rh5+) 23. Rxe7+ Bxe7 24. Rxf8 Bxf8 25. h4
$1 (25. h4 Kh7 26. h5 Ne7 27. Qf3) 1-0